000 00559nam a22001937a 4500
005 20250113104756.0
010 _aENG-143316
020 _a9789381588314
_c175.00
035 _aEN-126848
037 _bDBAD
082 _aS
100 _aPodder, Joygopal
_976408
245 _aMumbai Dreams:
_bDestiny and Death in Maximum City/
_cby Joygopal Podder
250 _a1
260 _aNew Delhi
_bV&S Publishers
_c2012
270 _aF-2/16, Ansari road, Daryaganj, New Delhi
_bNew Delhi
_e110002
300 _a128p.
_c20cm(pb)
942 _2ddc
_cEN
_mPOD
_hS
999 _c208396
_d208396